00766nam a22002057a 450000500170000001000150001702000260003203500130005803700130007108200180008410000200010224500650012226000420018727000720022930000250030150000400032694200320036699900170039895201450041520140908122425.0 aENG-110751 a9788183875981c850.00 aEN-94283 bDBAD/PUB a305.420954123 aAkhoury, Rashmi aWomen empowerment and poverty reduction /cby Rashmi Akhoury aNew DelhibSerials Publicationsc2013 a4830/24, Prahlad Street, Ansari Road, Darya GanjbNew Delhie110002 axiv,213p. c23cm(Hb) aIncludes bibliographical references 2ddccENh305.420954123mAKH c88324d88324 001040718NFICaDBADbDBADd2014-09-05eDBAD / PUBg850.00l0o305.420954123 AKHpEN-94283r2014-09-05 00:00:00t1v850.00w2014-09-05yEN